Home Print Resources E-Books E-Journals IIMT Lecture Series Library Membership Form Book Recommendation Form Campus Tour Take AdmissionAbout Us Contact Us

Turbires Comperssors and fans (Record no. 5561)

000 -LEADER
fixed length control field 00337nam a2200157Ia 4500
003 - CONTROL NUMBER IDENTIFIER
control field OSt
005 - DATE AND TIME OF LATEST TRANSACTION
control field 20240120125253.0
008 - FIXED-LENGTH DATA ELEMENTS--GENERAL INFORMATION
fixed length control field 170524s9999 xx 000 0 und d
020 ## - INTERNATIONAL STANDARD BOOK NUMBER
International Standard Book Number 0074519913.
040 ## - CATALOGING SOURCE
Transcribing agency iimtu
100 ## - MAIN ENTRY--PERSONAL NAME
Personal name Yohya SM
245 #0 - TITLE STATEMENT
Title Turbires Comperssors and fans
260 ## - PUBLICATION, DISTRIBUTION, ETC.
Name of publisher, distributor, etc. TMH
260 ## - PUBLICATION, DISTRIBUTION, ETC.
Date of publication, distribution, etc. 2008
942 ## - ADDED ENTRY ELEMENTS (KOHA)
Source of classification or shelving scheme
Koha item type Book Bank
Holdings
Withdrawn status Lost status Source of classification or shelving scheme Damaged status Not for loan Home library Current library Date acquired Barcode Date last seen Price effective from Koha item type Public note Total Checkouts Date last checked out
          IIMT University Central Library Meerut IIMT University Central Library Meerut 06/01/2017 01-B-47829 06/01/2017 06/01/2017 Reference Book Engineering Departmental Library books    
          IIMT University Central Library Meerut IIMT University Central Library Meerut 06/01/2017 01-B-47830 06/01/2017 06/01/2017 Book Bank      
          IIMT University Central Library Meerut IIMT University Central Library Meerut 06/01/2017 01-B-47831 06/01/2017 06/01/2017 Book Bank      
          IIMT University Central Library Meerut IIMT University Central Library Meerut 06/01/2017 01-B-47832 06/01/2017 06/01/2017 Book Bank      
          IIMT University Central Library Meerut IIMT University Central Library Meerut 06/01/2017 01-B-47833 06/01/2017 06/01/2017 Book Bank      
          IIMT University Central Library Meerut IIMT University Central Library Meerut 06/01/2017 01-B-47834 01/17/2026 06/01/2017 Book Bank   1 10/30/2025
          IIMT University Central Library Meerut IIMT University Central Library Meerut 06/01/2017 01-B-47835 06/01/2017 06/01/2017 Book Bank      
          IIMT University Central Library Meerut IIMT University Central Library Meerut 06/01/2017 01-B-47836 06/01/2017 06/01/2017 Book Bank      
IIMT, Central Library. All Rights Reserved IIMT,UNIVERSITY © 2023
Implemented and Customised by I CLOUDE EMS
You Are OPAC Visitor No
free web counter

Powered by Koha